MARC

LEADER 00000nam0a2200000 4500
001 252678
005 20231101232755.0
010 |a 5020287784 
035 |a (RuTPU)RU\TPU\book\275028 
090 |a 252678 
100 |a 20140305d1989 k y0rusy50 ca 
101 0 |a rus 
102 |a RU 
105 |a a z 001zy 
200 1 |a Мезозойская лампрофир-диабазовая формация юга Сибири  |f Л. А. Михалева  |g Академия наук СССР (АН СССР), Сибирское отделение (СО), Институт геологии и геофизики (ИГиГ) ; под ред. А. П. Кривенко 
210 |a Новосибирск  |c Наука  |d 1989 
215 |a 165 с.  |c ил. 
225 1 |a Труды Института геологии и геофизики  |v Вып.711 
320 |a Библиогр.: с. 154-165. 
606 1 |a Горные породы, магматические  |x Петрография  |x Восточная Сибирь  |2 stltpush  |3 (RuTPU)RU\TPU\subj\72825  |9 86214 
610 1 |a диабазы 
610 1 |a размещение 
610 1 |a петрохимия 
610 1 |a металлогенические исследования 
610 1 |a латеральная изменчивость 
610 1 |a зональность 
610 1 |a оруденение 
610 1 |a Забайкалье 
610 1 |a Тува 
675 |a 552.3(571.5)  |v 3 
700 1 |a Михалева  |b Л. А.  |g Лидия Афанасьевна 
702 1 |a Кривенко  |b А. П.  |4 340 
712 0 2 |a Академия наук СССР (АН СССР)  |b Сибирское отделение (СО)  |b Институт геологии и геофизики (ИГиГ)  |c (Новосибирск)  |2 stltpush  |3 (RuTPU)RU\TPU\col\128 
801 1 |a RU  |b 63413507  |c 20140305 
801 2 |a RU  |b 63413507  |c 20140410  |g RCR 
942 |c BK